[Event "EU-ch Amateur Online Final 1400/1700"]
[Site "Tornelo INT"]
[Date "2021.04.18"]
[Round "7"]
[White "Merkouropoulos, Dionysios"]
[Black "Sanchez Schneider, Manuel"]
[Result "1-0"]
[WhiteElo "1405"]
[BlackElo "1667"]
[PlyCount "83"]
[EventDate "2021.04.18"]
[EventType "swiss (rapid)"]
[EventRounds "9"]
[EventCountry "NET"]
[SourceTitle "EXT 2023"]
[Source "ChessBase"]
[SourceDate "2022.10.05"]
[SourceVersion "1"]
[SourceVersionDate "2022.10.05"]
[SourceQuality "1"]

1. d4 Nf6 2. c4 c5 3. d5 b5 4. cxb5 a6 5. bxa6 d6 6. Nc3 Bxa6 7. Nf3 g6 8. e4 Bxf1 9. Kxf1 Na6 10. a4 Bg7 11. Bf4 0-0 12. Nd2 Nb4 13. Nb5 Qa5 14. Nc4 Qd8 15. f3 Nh5 16. Bd2 Nd3 17. Qc2 Ne5 18. Nxe5 Bxe5 19. Bc3 Qd7 20. Bxe5 dxe5 21. Ra3 Rfb8 22. Qc4 Nf4 23. Kf2 f5 24. exf5 Qxf5 25. d6+ Kh8 26. dxe7 Rb7 27. Qxc5 Nd3+ 28. Rxd3 Qxd3 29. Qxe5+ Kg8 30. e8Q+ Rxe8 31. Qxe8+ Kg7 32. Qe5+ Kg8 33. Re1 Rd7 34. Qe8+ Kg7 35. Re7+ Rxe7 36. Qxe7+ Kg8 37. Qe6+ Kg7 38. Qe5+ Kg8 39. Nd6 Qc2+ 40. Kg3 Qxa4 41. Qe8+ Kg7 42. Qxa4 1-0

[Event "Rutas de Cuenca op 6th"]
[Site "Cuenca"]
[Date "2019.07.20"]
[Round "5"]
[White "Sanchez Schneider, Manuel"]
[Black "Gonzalez Lopez, Julian"]
[Result "0-1"]
[WhiteElo "1645"]
[BlackElo "2102"]
[PlyCount "54"]
[EventDate "2019.07.19"]
[EventType "swiss"]
[EventRounds "7"]
[EventCountry "ESP"]
[SourceTitle "CBM 195 Extra"]
[Source "ChessBase"]
[SourceDate "2020.05.31"]
[SourceVersion "1"]
[SourceVersionDate "2020.05.31"]
[SourceQuality "1"]

1. d4 Nf6 2. Bg5 d5 3. Bxf6 gxf6 4. e3 e5 5. c4 Be6 6. Nc3 Bb4 7. a3 Bxc3+ 8. bxc3 dxc4 9. Bxc4 Bxc4 10. Qa4+ b5 11. Qb4 Qd6 12. Qb2 Nd7 13. a4 c6 14. Qc2 b4 15. Nf3 b3 16. Qe4 b2 17. Rb1 Rb8 18. Qc2 Qa3 19. Kd2 Ke7 20. dxe5 fxe5 21. Qe4 Qd6+ 22. Nd4 c5 23. Qh4+ f6 24. f4 cxd4 25. exd4 exd4 26. Rhe1+ Kd8 27. Red1 Re8 0-1